000 00692nam a2200205Ia 4500
003 GCL
008 140319s9999 xx 000 0 ara d
040 _aGCL /
_cGCL
082 0 4 _aق
_b953.07393
_bا م
100 1 _aاحمد الشامى
245 1 0 _aصلاح الدين والصليبيون : تاريخ الدولة الايوبية /
_cاحمد الشامى
300 _a275 ص
490 _aسلسلة فى تاريخ العرب والاسلام
_v0
650 0 4 _aتاريخ
650 0 4 _aالحروب الصليبية
650 0 4 _aالصليبيون
650 0 4 _aالدولة الايوبية
650 0 4 _aالصليبية فى فلسطين والشام
942 _2ddc
_cBK
999 _c39378
_d39378